Normal view
MARC view
- Stewart, Frederick. R
Entry Personal Name
001 - CONTROL NUMBER
- control field: 289
003 - CONTROL NUMBER IDENTIFIER
- control field: OSt
005 - DATE AND TIME OF LATEST TRANSACTION
- control field: 20160606114907.0
008 - FIXED-LENGTH DATA ELEMENTS
- fixed length control field: 160606|| aca||aabn | a|a d
040 ## - CATALOGING SOURCE
- Original cataloging agency: OSt
- Transcribing agency: OSt
100 ## - HEADING--PERSONAL NAME
- Personal name: Stewart, Frederick. R
670 ## - SOURCE DATA FOUND
- Source citation: Work cat.: (OSt): Stewart, Frederick. R Grassie, James. C, Surveying for Agricultural Students And Planters, 2012
